Etiqueta de registo: 00827cas 02200313 04500
001 254209
003 http://id.bnportugal.gov.pt/bib/catbnp/254209
021 ## $aPT$b36841/90
100 ## $a19980512b19901991m y0pory01030103ba
101 0# $apor
102 ## $aPT
106 ## $ar
110 ## $aahazz 0uu0
200 1# $aLX Comics$fpropr. MFCR$gdir. Renato Abreu
207 #0 $aNº 1 (Primavera 1990) - nº 3 (Inverno 1991)
210 #9 $aLisboa$cMFCR,$d1990-1991
215 ## $d32 cm
317 ## $aColeção Leandro de Moraes Sarmento$5PTBN: L.M.S. 318
326 ## $aTrimestral
606 ## $aBanda desenhada$j[Periódicos]$2SIPOR$3887831
620 ## $dLisboa
675 ## $a003.6(05)$vBN$zpor$3435200
675 ## $a869.0(084.11)(05)$vBN$zpor$3435201
702 #1 $91$aAbreu,$bRenato$4300$3196688
712 02 $aMFCR$4650$3435202
801 #0 $aPT$bBN$gRPC
966 ## $lBN$mFGREV$pBiblioteca particular Leandro de Moraes Sarmento$sL.M.S. 318 $x3
966 ## $lBN$mFGREV$sP.P. 4910 A.$x1
Etiqueta de registo: 00254nam 2200025 450
001 2285083
003 http://id.bnportugal.gov.pt/bib/catbnp/2285083
100 ## $a20260423d1989 m y0pory01030103ba
101 0# $apor
102 ## $aPT
105 ## $ay z 000yy
106 ## $ar
200 1# $aProtótipo$efanzine$esó para adultos$fRenato Abreu, José Abrantes
210 #9 $a[Lisboa$cRenato Abreu$cJosé Abrantes,$d[198?]
215 ## $a18 p,$ctodo il.$d30 cm
305 ## $aPublicação independente (fanzine) com produção e distribuição limitada
317 ## $aColeção Leandro de Moraes Sarmento$5PTBN: L.M.S. 106
700 #1 $91$aAbreu,$bRenato$3196688
701 #1 $96$aAbrantes,$bJosé$4070$31953311
801 #0 $aPT$bBN$gRPC
966 ## $lBN$mFGMON$pBiblioteca particular Leandro de Moraes Sarmento$sL.M.S. 106 $x3
Etiqueta de registo: 00254nam 2200025 450
001 2285422
003 http://id.bnportugal.gov.pt/bib/catbnp/2285422
100 ## $a20260428d2003 m y0pory01030103ba
101 0# $aporeng
102 ## $aPT
105 ## $aa b 000yy
106 ## $ar
200 1# $a8º Festival BD de Lisboa$e4 a 13 dezembro de 1989$fClube Português de Banda Desenhada$gtextos de Rui Brito e Renato Abreu
210 #9 $aLisboa$cClube Português de Banda Desenhada,$d1989
215 ## $a26 p.$cil.$d29 cm
300 ## $aFestival de BD a ter lugar no Espaço Poligrupo - Rádio Renascença (Chiado)
317 ## $aColeção Leandro de Moraes Sarmento$5PTBN: L.M.S. 881
517 1# $aVIII Festival de Banda Desenhada de Lisboa
532 11 $aOitavo Festival de Banda Desenhada de Lisboa
606 ## $aBanda desenhada portuguesa$zSéc. 20$xExposições$j[Catálogos]$2SIPOR$31997115
675 ## $a741.079(469.411)(083.82)$vBN$zpor$31363557
675 ## $a061.4$vBN$zpor$3288771
702 #1 $aBrito,$bRui,$f1932-2010$4340$3113157
702 #1 $91$aAbreu,$bRenato$4340$3196688
710 12 $aFestival de Banda Desenhada,$d8,$eLisboa,$f1989$31997160
712 02 $aClube Português de Banda Desenhada$4400$31039149
801 #0 $aPT$bBN$gRPC
966 ## $lBN$mFGMON$pBiblioteca particular Leandro de Moraes Sarmento$sL.M.S. 881 $x3